000 01217nam2a22002531 4500
001 RU\NLR\INFOCOMM18\1000030223
005 20250616232745.0
035 _a(NLR Aleph) 002278982
090 _a4023673
_c4023673
100 _a20031124d1982 |||y0rusy50 ca
101 0 _arus
102 _aRU
105 _ay |||||||||
200 1 _aПринятие решений при прогнозировании месторождений твердых полезных ископаемых
_fА.Н. Бугаец
210 _d1982
_aБ. м.
461 0 _1001RU\NLR\INFOCOMM18\1000030189
_12001#$aАвтоматизированные системы в геологии$fВНИИ экономики минер. сырья и геол.-развед. работ (ВИЭМС)$v1982, Вып.2(34)
_94023406
_cМ.
_d1975-
_fВНИИ экономики минер. сырья и геол.-развед. работ (ВИЭМС)
_nВИЭМС
_tАвтоматизированные системы в геологии
_v1982, Вып.2(34)
700 1 _aБугаец
_bА.Н.
_4070
801 1 _aRU
_bInfoComm
_c20031124
801 0 _aRU
_bNLR
_gPSBO
852 _aNLR
_jП7/1795
942 _cISSUE
980 _aNB
980 _aRUSPER